Effectif Côte d'Ivoire - Coupe du monde 2026 - Statistiques

Statistiques générales
  • Ce quiz a été pris 31 fois
    10 depuis la dernière actualisation
  • Le résultat moyen est 17 sur 27
Statistiques - réponses
Poste Club Numéro Joueur % Correct
Attaquant Manchester United 15 Amad Diallo
100%
Défenseur AS Roma 21 Evan Ndicka
100%
Défenseur Sporting CP 2 Ousmane Diomande
100%
Attaquant RB Leipzig 11 Yan Diomande
100%
Attaquant Inter Milan 9 Ange-Yoan Bonny
89%
Attaquant Villarreal CF 19 Nicolas Pépé
89%
Milieu FC Porto 6 Seko Fofana
89%
Gardien Caykur Rizespor 1 Yahia Fofana
89%
Gardien Panathinaikos 23 Alban Lafont
78%
Attaquant OGC Nice 12 Elye Wahi
78%
Milieu Al-Ahli SFC 8 Franck Kessié
78%
Milieu Nottingham Forest 18 Ibrahim Sangaré
78%
Défenseur Atalanta BC 7 Odilon Kossounou
78%
Défenseur RC Strasbourg Alsace 17 Guéla Doué
67%
Défenseur Galatasaray 5 Wilfried Singo
67%
Attaquant Crystal Palace 22 Evann Guessand
56%
Milieu NK Maribor 4 Jean-Mickaël Seri
56%
Attaquant AS Monaco 10 Simon Adingra
56%
Attaquant TSG 1899 Hoffenheim 24 Bazoumana Touré
44%
Défenseur Basaksehir FK 13 Christopher Operi
44%
Milieu Trabzonspor 26 Christ Inao Oulaï
22%
Sélectionneur - - Emerse Faé
22%
Défenseur Gil Vicente FC 3 Ghislain Konan
22%
Gardien R Charleroi SC 16 Mohamed Koné
22%
Attaquant Cercle Bruges 14 Oumar Diakité
22%
Milieu R Charleroi SC 25 Parfait Guiagon
22%
Défenseur Besitkas JK 20 Emmanuel Agbadou
11%
Aucun quiz correspondant
Distribution des résultats
% des personnes avec chaque résultat
Percentile par nombre de réponses
Votre historique - résultats
Vous n’avez pas pris ce quiz depuis la dernière actualisation